| 000 | 00607 a2200157 4500 | ||
|---|---|---|---|
| 999 |
_c5631 _d5631 |
||
| 010 | _aENG-86953 | ||
| 020 |
_a8172111908 _c300.00 |
||
| 035 | _aEN-70486 | ||
| 037 | _bDBAD / PUB | ||
| 082 | 1 | 4 | _a333.72 |
| 245 |
_aRetrieving the lost paradise celebrating the earth day : _ced.by Ravi Sundaram _ba livable earth is a basic human right and steps should be taken to create one for posterity / |
||
| 260 |
_aNew Delhi _bNorthern Book Centre _c2005 |
||
| 270 |
_a4221/1, Ansari Road, Daryaganj, _bNew Delhi _e110 002 |
||
| 300 |
_axvi, 72p. _c25cm (Hb) _bill. |
||
| 942 |
_adpl _cEN _2ddc _h333.72 _mRET |
||